Ako začať prvýkrát, ako začať odznova

Guardado en:
Detalles Bibliográficos
Autor principal: Filo, Peter
Formato: Libro
Lenguaje:eslovaco
Publicado: Hronský Beňadik Ing. Branislav NETRI 2002
Colección:www.cult.sk
Materias:
Etiquetas: Agregar Etiqueta
Sin Etiquetas, Sea el primero en etiquetar este registro!

MARC

LEADER 00000nam$a2200000$$$4500
001 0091149
005 20240502072022.2
020 |a 80-88701-01-6 
041 0 |a slo 
044 |a SK 
245 1 0 |a Ako začať prvýkrát, ako začať odznova  |c Peter Filo 
264 1 |a Hronský Beňadik  |b Ing. Branislav NETRI  |c 2002 
300 |a 95 s. 
490 1 |a www.cult.sk 
830 0 |a www.cult.sk 
610 2 0 |a práca 
610 2 0 |a zamestnanie 
610 2 0 |a zamestnávatelia 
610 2 0 |a zamestnanci 
610 2 0 |a zdroje ľudské 
610 2 0 |a zdroje pracovné 
610 2 0 |a trh práce 
100 1 |a Filo, Peter